00856nam a2200229 a 450000100100000000500170001000800410002704000250006808200190009310000290011224500870014126000420022830000210027065000190029165000320031065000510034265100530039391000370044604900090048395201170049299900170060900003493220200930074008.0111021s1939 sw 001 0dspa d aDO-SdBNPbspacBNPHU a922.298bM578o1 aMesanza, Andrés96049814aLos obispos de la orden dominicana en América /cFray Don Andrés Mesanza, O.P. aEinsiedeln, Suiza :bBenziger,c1939. a188 p. ;c21 cm. 4aObispos933115 4aDiócesisxHistoria953005 4aIglesia católicaxGobiernozAmérica960499 4aAmérica LatinaxHistoria Eclesiástica960500 aValidado. Control de calidad EMS aBNPD 001050718RVaPDbPDcHDd2011-10-21iLF1l0o922.298 M578op34932-10r2020-06-25w2020-06-25y1ZNo se presta c34423d34423